000 01397pab a2200157 454500
008 180718b2001 xxu||||| |||| 00| 0 eng d
100 _aFeinberg, Lotte E.
245 _aMr. Justice Brandeis and the creation of the federal register
260 _c2001
300 _ap.359-74
362 _aMay-Jun
520 _aThe creation of the Federal Register in 1935 was crucial in enhancing transparency in American national government and its accountability under law. This historic action during the troubled New Deal era established a core institutional framework that endures as the nation begins a new century and as public administration struggles with an era of new institutionalism. Drawing on archival records and interviews, this article examines the political, administrative, and legal factors that led to the Register's creation. In particular, it sheds light on the little known but pivotal role played by Justice Brandeis in an extrajudicial capacity in this process. Brandeis's actions derive, in part, from his lifelong concern for fostering government openness and ensuring accountability under law from government bureaucracy. Without his intervention, it is unlikely the Federal Register Act would have been enacted at the time and in its important institutional form. - Reproduced
650 _aPublic administration
773 _aPublic Administration Review
909 _a48985
999 _c48985
_d48985